000 00443nam a22001817a 4500
003 koha_MIRAKIL
005 20231213095557.0
008 231213b |||||||| |||| 00| 0 ||| d
020 _b978-9-94441535-4
040 _aTR-IsEVY
_btur
_cTR-IsEVY
082 _a810 ÖRS/Ç
100 _aÖRS, İBRAHİM.
245 0 _aÇOCUK CUMHURİYETİ.
260 _bŞimşek,
_c2010
300 _a240.
650 _aTürk Edebiyatı.
942 _2ddc
_cBK
999 _c5964
_d5964